Songs in my Playlist. - Statistics

General Stats
  • This quiz has been taken 11 times
  • The average score is 23 of 145
Answer Stats
Artist Year of Release Answer % Correct
White Stripes 2003 Seven Nation Army
56%
Foster the People 2010 Pumped Up Kicks
44%
21 Pilots 2015 Stressed Out
44%
Bill Withers 1971 Ain't No Sunshine
33%
Harry Styles 2022 As It Was
33%
The Weeknd 2020 Blinding Lights
33%
Green Day 2004 Boulevard of Broken Dreams
33%
Post Malone 2019 Circles
33%
The Beatles 1969 Come Together
33%
Arctic Monkeys 2013 Do I Wanna Know?
33%
Fleetwood Mac 1977 Dreams
33%
Tears for Fears 1985 Everybody Wants To Rule The World
33%
The Beatles 1965 Help!
33%
The Rolling Stones 1966 Paint It Black
33%
21 Pilots 2015 Ride
33%
The Weeknd 2020 Save Your Tears
33%
The Clash 1982 Should I Stay or Should I Go
33%
Red Hot Chili Peppers 1992 Under the Bridge
33%
The Beatles 1966 Yellow Submarine
33%
Harry Styles 2019 Adore You
22%
The Beatles 1964 A Hard Day's Night
22%
Cage the Elephant 2008 Ain't No Rest For the Wicked
22%
Weezer 1994 Buddy Holly
22%
The Weeknd 2015 Can't Feel My Face
22%
Red Hot Chili Peppers 2003 Can't Stop
22%
The Beatles 1966 Eleanor Rigby
22%
White Stripes 2002 Fell In Love With A Girl
22%
Drake 2018 God's Plan
22%
Eminem and Juice Wrld 2020 Godzilla
22%
Kanye West 2008 Heartless
22%
The Beatles 1969 Here Comes the Sun
22%
The Animals 1964 House of the Rising Sun
22%
Phil Collins 1981 In The Air Tonight
22%
The Beatles 1964 I Want To Hold Your Hand
22%
Arctic Monkeys 2013 Knee Socks
22%
Lil tecca 2019 Ransom
22%
Post Malone and 21 Savage 2018 rockstar
22%
Dababy and Roddy Rich 2020 Rockstar
22%
The Clash 1982 Rock the Casbah
22%
SAINt JHN and Imanbek 2018 Roses Imanbek Remix
22%
Arizona Zervas 2020 ROXANNE
22%
Arctic Monkeys 2013 R U Mine?
22%
Eminem 2000 The Real Slim Shady
22%
The Beatles 1965 Ticket to Ride
22%
Cage the Elephant 2016 Trouble
22%
Arctic Monkeys 2013 Why'd You Only Call Me When You're High
22%
Childish Gambino 2013 3005
11%
Oliver Tree 2018 Alien Boy
11%
Madvillain 2004 ALL CAPS
11%
Oliver Tree 2018 All That
11%
Metro Boomin,Asap Rocky,and Roisee 2023 Am I Dreaming
11%
Nico and Vinz 2014 Am I Wrong
11%
Metro Boomin,Swae Lee,Lil Wayne,and Offset 2023 Annihilate
11%
Arctic Monkeys 2013 Arabella
11%
Gorillaz 2020 Aries
11%
Sacristuff 2023 Atom
11%
Post Malone 2018 Better Now
11%
Rae Sremmurd 2016 Black Beatles
11%
Lil Mosey 2019 Blueberry Faygo
11%
Danimal Cannon 2018 Boss Badass Theme
11%
Ponderosa Twins Plus One 1971 Bound
11%
Arctic Monkeys 2007 Brianstorm
11%
Smashing Pumpkins 1995 Bullet With Butterfly Wings
11%
AJR 2017 Burn The House Down
11%
Vampire Weekend 2008 Campus
11%
Jayden/Tiko 2023 Catch a Vibe
11%
Waterflame 2012 Clutterfunk
11%
Cage the Elephant 2013 Come A Little Closer
11%
Post Malone and Quavo 2016 Congratulations
11%
The Weeknd,Metro Boomin,and 21 Savage 2022 Creepin
11%
Aaron Smith 2005 Dancin
11%
Red Hot Chili Peppers 2016 Dark Necessities
11%
Kid Cudi 2009 Day 'N' Nite
11%
The Beatles 1966 Day Tripper
11%
Gorillaz 2020 Desole
11%
Waterflame 2014 Endgame
11%
Kanye West 2016 Father Stretch My Hands
11%
Red Hot Chili Peppers 2016 Feasting on the Flowers
11%
Arctic Monkeys 2007 Fluorescent Adolescent
11%
J Cole 2014 G.O.M.D
11%
Yung Gravy and bbno$ 2023 Goodness Gracious
11%
Travis Scott and Kendrick Lamar 2016 goosebumps
11%
White Stripes 2003 Hardest Button to Button
11%
Ellie Goulding and Juice Wrld 2019 Hate Me
11%
Gorillaz 2018 Humility
11%
Travis Scott 2015 Impossible
11%
KISS 1979 I Was Made For Lovin' You
11%
Oliver Tree 2020 Jerk
11%
BigGiantCircles 2011 Katana Blaster
11%
Kendrick Lamar 2015 King Kunta
11%
Drake 2020 Laugh Now Cry Later
11%
Oliver Tree 2020 Life Goes On
11%
Oliver Tree,Trippie Redd,and Ski Mask the Slump God 2021 Life Goes On Remix
11%
MGMT 2017 Little Dark Age
11%
Juice Wrld 2018 Lucid Dreams
11%
Warner Brothers/Scooby Doo Team 2010 Magic
11%
Lil Mabu 2023 MATHEMATICAL DISRESPECT
11%
J Cole 2019 MIDDLE CHILD
11%
Oliver Tree and Robin Schulz 2023 Miss You
11%
Gorillaz 2020 Momentary Bliss
11%
Kendrick Lamar 2012 Money Trees
11%
D12 2004 My Band
11%
Eminem 1999 My Name Is
11%
J Cole 2014 No Role Modelz
11%
The Rare Occasions 2016 Notion
11%
Gorillaz 2020 PAC-MAN
11%
Lil Nas X 2019 Panini
11%
Coi Leray 2022 Players
11%
BoywithUke and mxmtoon 2022 Prairies
11%
Childish Gambino 2016 Redbone
11%
XXXTentacion 2018 SAD!
11%
Gorillaz and Popcaan 2017 Saturnz Barz
11%
Red Hot Chili Peppers 1999 Scar Tissue
11%
Red Hot Chili Peppers 2016 Sick Love
11%
Oliver Tree and BoywithUke 2023 Sick of U
11%
Travis Scott and Drake 2018 SICKO MODE
11%
Gorillaz 2023 Silent Running
11%
Foster the People 2017 Sit Next To Me
11%
Childish Gambino 2014 Sober
11%
Metro Boomin and Gunna 2018 Space Cadet
11%
The Weeknd and Daft Punk 2016 Starboy
11%
Kid Laroi and Justin Bieber 2021 STAY
11%
Gorillaz and Bobby Womack 2010 Stylo
11%
Roddy Rich 2019 The Box
11%
The Weeknd 2015 The Hills
11%
Oliver Tree and Little Big 2021 The Internet
11%
Thundercat 2017 Them Changes
11%
Travis Scott and Kid Cudi 2020 THE SCOTTS
11%
Gorillaz 2020 The Valley of the Pagans
11%
Bad Moves 2016 The Verge
11%
Lil Mabu 2023 TRIP TO THE HOOD
11%
Oliver Tree,Little Big,and Tommy Cash 2021 TURN IT UP
11%
BoywithUke 2022 Understand
11%
Jack Harlow,Dababy,Tory Lanez,and Lil Wayne 2020 WHATS POPPIN
11%
Hot Hot Heat 2012 Who You Callin Kid
11%
Oliver Tree 2022 Cowboys Don't Cry
0%
Steve Lacy 2017 Dark Red
0%
The Beatles 1970 Don't Let Me Down
0%
The Beatles 1964 Eight Days a Week
0%
Childish Gambino 2018 Feels Like Summer
0%
Oliver Tree 2020 Let Me Down
0%
Tame Impala 2015 New Person Same Old Mistakes
0%
Travis Scott 2016 sdp interlude
0%
Tame Impala 2015 The Less I Know The Better
0%
Gorillaz 2018 Tranz
0%
No matching quizzes found
Score Distribution
Percent of People with Each Score
Percentile by Number Answered
Your Score History
You have not taken this quiz